Visualizzazione normale
Vista MARC
- Obispos
di Topical Term
Records bibliografici associati: 1
001 - CONTROL NUMBER
- control field: 24826
003 - CONTROL NUMBER IDENTIFIER
- control field: IT-RoINE
005 - DATE AND TIME OF LATEST TRANSACTION
- control field: 20160620071643.0
008 - FIXED-LENGTH DATA ELEMENTS
- fixed length control field: 160620|| aca||aabn | a|a d
040 ## - CATALOGING SOURCE
- Original cataloging agency: IT-RoINE
- Transcribing agency: IT-RoINE
150 ## - HEADING--TOPICAL TERM
- Topical term or geographic name as entry element: Obispos
- Geographic subdivision: España
- Geographic subdivision: Aragón
- General subdivision: Historia
- Chronological subdivision: Siglos 11o.-12o.
670 ## - SOURCE DATA FOUND
- Source citation: Work cat.: (IT-RoINE)0: Gavira Martin, José, 1903-1951 24823, Estudios sobre la Iglesia española medieval :, 1929.